| 000 | 00556nam a22001697a 4500 | ||
|---|---|---|---|
| 082 | _a005 | ||
| 100 | _aMughal, Aiman Israr | ||
| 245 |
_aEntrepreneurship and Microfinance issues: Pakistan's Scenario _cAiman Israr Mughal |
||
| 260 |
_aIslamabad : _bSEECS - NUST, _c2009. |
||
| 300 |
_a72 p. ; _c30cm. |
||
| 563 | _aHB | ||
| 650 | _aComputer Science-Project Report | ||
| 700 |
_aMr. Muhamamd Yousaf _931433 |
||
| 856 | _uhttp://10.250.8.41:8080/xmlui/handle/123456789/29666 | ||
| 942 |
_2ddc _cPR |
||
| 999 |
_c536332 _d536332 |
||